| 000 -LEADER |
| fixed length control field |
00604nam a22001937a 4500 |
| 008 - FIXED-LENGTH DATA ELEMENTS--GENERAL INFORMATION |
| fixed length control field |
151130b xxu||||| |||| 00| 0 eng d |
| 020 ## - INTERNATIONAL STANDARD BOOK NUMBER |
| International Standard Book Number |
9780970045560 |
| 020 ## - INTERNATIONAL STANDARD BOOK NUMBER |
| International Standard Book Number |
0970045565 |
| 041 0# - LANGUAGE CODE |
| Language code of text/sound track or separate title |
eng |
| 080 ## - UNIVERSAL DECIMAL CLASSIFICATION NUMBER |
| Universal Decimal Classification number |
658.8 |
| 100 1# - Rafti |
| Rafti |
Axelrod, Terry. |
| 245 14 - TITLE STATEMENT |
| Title |
The joy of fundraising : |
| Statement of responsibility, etc |
by Terry Axelrod. |
| 250 ## - |
| -- |
1st ed. |
| 260 ## - |
| -- |
Seattle, WA : |
| -- |
Benevon Publications, |
| -- |
c2006. |
| 300 ## - |
| -- |
112 f . ; |
| -- |
20 cm. |
| 650 #0 - |
| -- |
Ngritja e fondeve |
| 650 #0 - |
| -- |
Organizata jo-fitim prurëse |
| 942 ## - ADDED ENTRY ELEMENTS (KOHA) |
| Source of classification or shelving scheme |
|
| Item type |
Books |